1550 1839 1610 1803 1850 1829 1276 1944 1653 1193 1060 1405 1896 1492 1260 1369 1768 1816 1888 1553 1564 1953 1576 1382 1843 1288 1314 1851 1427 1512 1485 1498 1089 1630 1933 1714 1565 1336 1564 1369 1293 1309 1350 1817 1503 1466 1209 1241 1279 1274 1054 1707 1656 1760 1761 1626 1786 1661 1094 1915 1805 1586 1345 1311 1698 1835 1575 1371 1584 1450 1259 1399 1010 1182 1536 1702 1477 1355 1113 1445 1252 1564 1822 1058 1066 1751 1584 1372 1208 1699 1650 1085 1688 1948 1107 1613 1673 1187 1113 BCNSPRNW ULIB Ver.6.0+V

เปลี่ยนเป็นภาษาไทย

Change to English
 แสดงรายละเอียดบรรณานุกรม
  กลับหน้าหลัก

Brief Record : Get Marc (ISO 2709) : E-mail record : QR code < ปิดหน้าต่าง
LEADER : 00000nam 2200000uu 4500
001    13399114016
003     ULIB
008    120125s2542||||th 000 0 tha d
020    ^a97466281904
060 04 ^aWA308^bศ448ห 2542
100 0  ^aศิริกุล อิศรานุรักษ์
245 10 ^aหลักการวางแผนงานอนามัยครอบครัว :^bคู่มือนักสาธารณสุข =^nAn introduction to family health planning : a health./^cศิริกุล อิศรานุรักษ์
246 31 ^aAn introduction to family health planning : a health
260    ^aกรุงเทพฯ :^bเจริญดีการพิมพ์,^c2542
300    ^a239 หน้า ;^c21 ซม.
650  4 ^aอนามัยครอบครัว
945    ^p0^l0^i9723
995    ^aกัณชพร
999 ^a ใช้งานได้ทุกระบบ
รายการนี้ยังไม่มีแท็ก
คุณยังไม่ได้ล็อกอิน คุณสามารถมีกิจกรรมร่วมกับเว็บไซต์ได้ แต่ต้องล็อกอินก่อน ::
  ล็อกอิน

รายการสื่อสารสนเทศ

ลำดับที่ ประเภท เลขเรียก/บาร์โค้ด สถานที่ สถานะ
- ไม่พบข้อมูล -

รายการใกล้เคียง
    ผู้แต่ง [ศิริกุล อิศรานุรักษ์]

    หัวเรื่อง [อนามัยครอบครัว]

BibComment


ยังไม่เคยถูกคอมเมนท์

คอมเมนท์ทรัพยากรรายการนี้
  คอมเมนท์: หลักการวางแผนงาน..


 Copyright 2026. Bcnsprnw @Library